000 01291nam a2200337 i 4500
003 EG-GICUC
005 20260129033823.0
008 260121s2000 ua ||||fr|||| 00| 0 ara d
017 _a2000/3826
020 _a9770429023
040 _a EG-GICUC
_bara
_c EG-GICUC
_d EG-GICUC
_erda
041 _aara
082 0 4 _221
_a343.3917
_bع ب . أ
092 0 4 _221
099 _aLaw1 10 343.3917 ع ب . أ2000
100 0 _aعبدالفتاح رياض
245 1 2 _aالأدلة الجنائية المادية :
_b(كشفها وفحصها) /
_cتأليف لواء/ عبدالفتاح رياض
264 1 _aالقاهرة :
_bدار النهضة العربية،
_c2000.
300 _a674 صفحة :
_bإيضاحيات، صور، مثيليات ؛
_c24 سم.
336 _2rda content
_atext
337 _2rda media
_aComputer
338 _2rda carrier
_aOnline Resource
504 _aيشتمل على إرجاعات ببليوجرافية.
650 1 _aالقانون الجنائي
650 1 _a قانون الإجراءات الجنائية
650 1 _aأنواع الأدلة الجنائيي
653 _aالأدلة الجنائية المادية
856 4 0 _uhttps://fll.law.cu.edu.eg/fulltext/bks/B10-06062.pdf
905 _a43
_eYara
942 _2ddc
_n0
_cBK
_e21
999 _c58531
_d58531